| 000 | 00675nam a2200193 i 4500 | ||
|---|---|---|---|
| 001 | 72680 | ||
| 003 | ES-MaACL | ||
| 005 | 20230906171523.0 | ||
| 007 | t| | ||
| 008 | 040902s1979 sp ||||1| spa d | ||
| 100 | 1 |
_aGoebbels, Joseph. _957551 |
|
| 245 | 1 | 0 |
_aDiario _b: del 28 de febrero al 10 de abril de 1945 : las últimas anotaciones / _cJoseph Goebbels ; prólogo de Rolf Hochhuth ; [traducción de Ana Mª de la Fuente]. |
| 250 | _a[1ª ed.]. | ||
| 260 |
_a[Barcelona] : _bPlaza & Janés, _c[1979] |
||
| 300 |
_a404 p., 12 lám. ; _c21 cm. |
||
| 700 | 1 |
_aHochhuth, Rolf. _963874 |
|
| 700 | 1 |
_aFuente, Ana María de la. _952831 |
|
| 852 |
_aES-MaACL _jA-9572 _bR.99031 |
||
| 999 |
_c72680 _d72680 |
||